| 000 | 00656nam a2200193Ia 4500 | ||
|---|---|---|---|
| 003 | GCL | ||
| 008 | 140319s9999 xx 000 0 ara d | ||
| 040 |
_aGCL / _cGCL |
||
| 082 | 0 | 4 |
_a965.02 _bف اط |
| 100 | 1 | _aسامى الدروبى | |
| 245 | 1 | 0 |
_aمعذبو الارض (هدية من الاديب عبدالفتاح الجمل) / _cسامى الدروبى |
| 700 | 1 | _aفانون، فرانتز | |
| 300 | _a296 ص | ||
| 490 |
_aالسياسة والمجتمع _v0 |
||
| 650 | 0 | 4 | _aالاستعمار الفرنسى |
| 650 | 0 | 4 | _aالجزائر - الاستعمار |
| 650 | 0 | 4 | _aالجزائر - الاحوال السياسية |
| 942 |
_2ddc _cBK |
||
| 999 |
_c44993 _d44993 |
||